El partido liberal durante la gesta revolucionaria de 1903 /
Analiza la gesta revolucionaria separatista de Panamá de Colombia del 3 de noviembre de 1903. Para esto analiza el rol que tuvo el expresidente Belisario Porras Barahona, las implicaciones del Tratado Herrán-Hay y otros aspectos relacionados con el movimiento separatista.
Guardado en:
| Autor principal: | |
|---|---|
| Formato: | Libro |
| Lenguaje: | Spanish |
| Materias: | |
| Etiquetas: |
Agregar Etiqueta
Sin Etiquetas, Sea el primero en etiquetar este registro!
|
MARC
| LEADER | 00000nam a22000007a 4500 | ||
|---|---|---|---|
| 003 | cru CIDCACS/IIS | ||
| 005 | 20171201112152.0 | ||
| 008 | 171130s2017 pn |||p|r||||||0| 0 spa d | ||
| 999 | |c 40684 |d 40684 | ||
| 040 | |c cru CIDCACS/IIS | ||
| 100 | 1 | |9 6169 |a Aguirre Castillo, Carlos | |
| 245 | 1 | 3 | |a El partido liberal durante la gesta revolucionaria de 1903 / |c Carlos Aguirre Castillo |
| 300 | |a páginas 27-35 | ||
| 520 | |a Analiza la gesta revolucionaria separatista de Panamá de Colombia del 3 de noviembre de 1903. Para esto analiza el rol que tuvo el expresidente Belisario Porras Barahona, las implicaciones del Tratado Herrán-Hay y otros aspectos relacionados con el movimiento separatista. | ||
| 650 | 1 | 0 | |9 3633 |a CONFLICTOS POLITICOS |
| 650 | 4 | |9 2646 |a RELACIONES INTERNACIONALES | |
| 650 | 4 | |9 2644 |a INDEPENDENCIA | |
| 650 | 1 | 0 | |9 3694 |a HISTORIA POLITICA |
| 651 | 1 | 0 | |9 353 |a PANAMA |
| 651 | 0 | |9 4598 |a COLOMBIA | |
| 773 | 0 | |0 19259 |9 1662 |a Desarrollo Social y Cultural (Panamá) |d Panamá: Lotería Nacional de Beneficencia |o 18357 |t Lotería: |x 0024662X | |
| 942 | |2 ddc |c PP | ||
